UP Diliman Isko at Iska Quiz Level 1 - Statistics

General Stats
  • This quiz has been taken 683 times
  • The average score is 22 of 30
Answer Stats
Hint Answer % Correct
Kilala din bilang AS, home building ng College of Social Sciences and Philosophy (Tawag daw ng mga first year dito) Palma Hall
92%
Yellow jeep na dumadaan sa OUR, Math at Physics Toki
92%
Sistema ng electronic o online enlistment of subjects. Mahal nito ang bawat ng Isko. Computerized Registration System
91%
Lugar kung saan nabibili ang pangangailangan ng isang isko Shopping Center
91%
Tawag sa first year students ng UP. Sila ang api, ang laging nasisisi. Freshie
90%
Pinakamalaking kolehiyo sa UP Diliman. College of Engineering
88%
Kulay ng bubong ng Katipunan Jeep Pula
88%
Kolehiyong kinabibilangan ng Math, Bio, Physics, Chem, Geol at MBB. Ito ang home college ng poging gumawa ng quiz na to. College of Science
86%
Nasaan ang tunay na Oble? Main Library
86%
Binubuo ng iba't ibang kainan para sa tipikal na Isko, malapit sa SC. Area 2
84%
Sikat sa kaniyang masarap at blockbuster na isaw Mang Larry
82%
Isang paraan ng pagkuha ng units na hindi nakuha sa CRS sa pamamagitan ng pagpila at pagmamakaawa sa ibang propesor upang matanggap sa kanilang klase. Prerogative
82%
Sikat na lalaking may sakit sa pag-iisip na mahilig makipag-apir sa mga motorista at isko na madalas ay nasa tapat ng Vargas Museum Zorro
80%
Kasalukuyang tsanselor ng UP Diliman (2015, no honorifics and middle initial) Michael Tan
79%
Hindi ka naging Isko kung di mo ito pinasa. Marami ang sumusubok ngunit iilan ang pinapalad. University of the Philippines College Admission Test
78%
Daanang may bubong na nagdudugtong sa Palma Hall at Faculty Center ASCAL
77%
Mahirap na Mathematics subject na required sa karamihan ng kurso sa UP. Hindi ito Math 53. Math 17
76%
Kasalukuyang pangulo ng UP (2015, no honorifics and middle initial) Alfredo Pascual
75%
Lugar kung saan pwede hanapin ang sarili, maglandian o tumambay lang. Dito makikita ang UP Letters Sunken Garden
74%
Kinder to High School na paaralan sa loob ng UPD University of the Philippines Integrated School
72%
Kolehiyo kung saan matatagpuan ang gym, dance area, dance studio, obstacle course at vanguard. College of Human Kinetics
71%
Apelyido ng kinatatakutang propesor sa PE dahil sa pagiging istrikto at sa pagbibigay ng mababang marka Caces
70%
Ibig sabihin ng akronim na NIGS National Institute for Geological Sciences
65%
Ang main at pinakamalaking kalsada sa UP Diliman kung saan madaming nagjojogging hanggang gabi. Marami itong humps, nakalimutan ko kung ilan. Academic Oval
63%
Papel na nagkakahalagang dos hanggang sais pesos kung saan kadalasang nilalagay ang mga pagsusulit. Bluebook
63%
Ibig sabihin ng akronim na MBB Molecular Biology and Biotechnology
57%
Super GE. Maaaring SSP, AH o MST Designing Eden: Introduction to Philippine Landscape Architecture
52%
Bonus Question: May forever ba? Wala
51%
Street o village yata? Hindi ko alam basta malapit sa UPD. Matatagpuan sa bandang C.P. Garcia. Kilala bilang KNL. Krus Na Ligas
37%
Official monicker ng UP Fighting Maroons
21%
No matching quizzes found
Score Distribution
Percent of People with Each Score
Percentile by Number Answered
Your Score History
You have not taken this quiz